<?xml version="1.0" encoding="UTF-8"?>
<record
    xmlns:xsi="http://www.w3.org/2001/XMLSchema-instance"
    xsi:schemaLocation="http://www.loc.gov/MARC21/slim http://www.loc.gov/standards/marcxml/schema/MARC21slim.xsd"
    xmlns="http://www.loc.gov/MARC21/slim">

  <leader>01910nkm a2200373 i 4500</leader>
  <controlfield tag="001">4418</controlfield>
  <controlfield tag="003">ES-MaACL</controlfield>
  <controlfield tag="005">20250713063036.0</controlfield>
  <controlfield tag="007">khrbo</controlfield>
  <controlfield tag="008">070711s1988    sp --- g      |001||spa d</controlfield>
  <datafield tag="100" ind1="0" ind2=" ">
    <subfield code="a">Alfonso,</subfield>
    <subfield code="d">1902-1990</subfield>
    <subfield code="9">19858</subfield>
  </datafield>
  <datafield tag="245" ind1="1" ind2="0">
    <subfield code="a">Homenaje a Celso Emilio Ferreiro [</subfield>
    <subfield code="h">Fotograf&#xED;a] / </subfield>
    <subfield code="c">Alfonso (sello).</subfield>
  </datafield>
  <datafield tag="260" ind1=" " ind2=" ">
    <subfield code="a">[S.l. : </subfield>
    <subfield code="b">s.n.], </subfield>
    <subfield code="c">1988.</subfield>
  </datafield>
  <datafield tag="300" ind1=" " ind2=" ">
    <subfield code="a">6 fot. : </subfield>
    <subfield code="b">b. y n. ; </subfield>
    <subfield code="c">12 x 18 cm.</subfield>
  </datafield>
  <datafield tag="500" ind1=" " ind2=" ">
    <subfield code="a">Datos basados en invitaci&#xF3;n.</subfield>
  </datafield>
  <datafield tag="511" ind1="0" ind2=" ">
    <subfield code="a">Intervienen en la apertura del acto: Jos&#xE9; Prat, Alfredo Conde; glosan y recitan: Xes&#xFA;s Alonso Montero, Uxio Novoneyra, Salvador Garc&#xED;a Boda&#xF1;o, Ramiro Fonte, Alvarez C&#xE1;ccamo, Xes&#xFA;s R&#xE1;bade; incluye escenificaci&#xF3;n l&#xED;rica y la actuaci&#xF3;n del conjunto de gaiteros Agrupaci&#xF3;n Xarabal.</subfield>
  </datafield>
  <datafield tag="518" ind1=" " ind2=" ">
    <subfield code="a">Acto organizado por el Ateneo de Madrid en colaboraci&#xF3;n con el Ayuntamiento de Madrid y la Conselleria de Cultura y Deportes de la Xunta de Galicia, celebrado en el sal&#xF3;n de actos el martes, 20 de septiembre de 1988, a las 19:00 h.</subfield>
  </datafield>
  <datafield tag="600" ind1="1" ind2="4">
    <subfield code="a">Prat, Jos&#xE9;,</subfield>
    <subfield code="d">1905-1994</subfield>
    <subfield code="9">93665</subfield>
  </datafield>
  <datafield tag="600" ind1="1" ind2="4">
    <subfield code="a">Conde, Alfredo, </subfield>
    <subfield code="d">1945-</subfield>
    <subfield code="9">173663</subfield>
  </datafield>
  <datafield tag="600" ind1="1" ind2="4">
    <subfield code="a">Alonso Montero, Xes&#xFA;s.</subfield>
    <subfield code="9">20364</subfield>
  </datafield>
  <datafield tag="600" ind1="1" ind2="4">
    <subfield code="a">Novoneyra, Ux&#xED;o.</subfield>
    <subfield code="9">86099</subfield>
  </datafield>
  <datafield tag="600" ind1="1" ind2="4">
    <subfield code="a">Garc&#xED;a Boda&#xF1;o, Salvador.</subfield>
    <subfield code="9">54277</subfield>
  </datafield>
  <datafield tag="600" ind1="1" ind2="4">
    <subfield code="a">Fonte, Ramiro.</subfield>
    <subfield code="9">51634</subfield>
  </datafield>
  <datafield tag="600" ind1="1" ind2="4">
    <subfield code="a">Alvarez C&#xE1;ccamo, Xos&#xE9; Mar&#xED;a.</subfield>
    <subfield code="9">20718</subfield>
  </datafield>
  <datafield tag="600" ind1="1" ind2="4">
    <subfield code="a">R&#xE1;bade, Xes&#xFA;s.</subfield>
    <subfield code="9">94829</subfield>
  </datafield>
  <datafield tag="610" ind1="2" ind2="4">
    <subfield code="a">Ateneo de Madrid-</subfield>
    <subfield code="x">Actos culturales-</subfield>
    <subfield code="y">1988-</subfield>
    <subfield code="v">Fotograf&#xED;as.</subfield>
    <subfield code="9">1903</subfield>
  </datafield>
  <datafield tag="710" ind1="2" ind2=" ">
    <subfield code="a">Ateneo de Madrid.</subfield>
    <subfield code="9">1875</subfield>
  </datafield>
  <datafield tag="710" ind1="1" ind2=" ">
    <subfield code="a">Galicia. </subfield>
    <subfield code="b">Consejer&#xED;a de Cultura y Deportes.</subfield>
    <subfield code="9">4454</subfield>
  </datafield>
  <datafield tag="710" ind1="1" ind2=" ">
    <subfield code="a">Madrid. </subfield>
    <subfield code="b">Ayuntamiento </subfield>
    <subfield code="9">234069</subfield>
  </datafield>
  <datafield tag="852" ind1=" " ind2=" ">
    <subfield code="a">ES-MaACL</subfield>
    <subfield code="j">FOT 232/1988</subfield>
  </datafield>
  <datafield tag="856" ind1="4" ind2=" ">
    <subfield code="u">http://www.ateneodemadrid.net/biblioteca_digital/imagenes/1988/0232_01-1988.jpg</subfield>
    <subfield code="z">Ver imagen</subfield>
  </datafield>
  <datafield tag="856" ind1="4" ind2=" ">
    <subfield code="u">http://www.ateneodemadrid.net/biblioteca_digital/imagenes/1988/0232_02-1988.jpg</subfield>
    <subfield code="z">Ver imagen</subfield>
  </datafield>
  <datafield tag="999" ind1=" " ind2=" ">
    <subfield code="c">4418</subfield>
    <subfield code="d">4418</subfield>
  </datafield>
  <datafield tag="952" ind1=" " ind2=" ">
    <subfield code="0">0</subfield>
    <subfield code="1">0</subfield>
    <subfield code="4">0</subfield>
    <subfield code="7">0</subfield>
    <subfield code="8">Colecci&#xF3;n_digital</subfield>
    <subfield code="a">ATENEOM</subfield>
    <subfield code="b">ATENEOM</subfield>
    <subfield code="c">DEPOZ</subfield>
    <subfield code="d">2008-01-17</subfield>
    <subfield code="e">SC</subfield>
    <subfield code="l">0</subfield>
    <subfield code="o">FOT 232/1988</subfield>
    <subfield code="p">1004481</subfield>
    <subfield code="r">2023-02-23 00:00:00</subfield>
    <subfield code="w">2023-02-23</subfield>
    <subfield code="y">FOTOGRAFIA</subfield>
  </datafield>
</record>
